Conflict In Contemporary Africa (Record no. 449)
[ view plain ]
| 000 -LEADER | |
|---|---|
| fixed length control field | 00382nam a22001337a 4500 |
| 008 - FIXED-LENGTH DATA ELEMENTS--GENERAL INFORMATION | |
| fixed length control field | 230605b xxu||||| |||| 00| 0 eng d |
| 020 ## - INTERNATIONAL STANDARD BOOK NUMBER | |
| International Standard Book Number | 9966221786 |
| 082 ## - DEWEY DECIMAL CLASSIFICATION NUMBER | |
| Classification number | 327.17 |
| Item number | OKO |
| 245 ## - TITLE STATEMENT | |
| Title | Conflict In Contemporary Africa |
| Statement of responsibility, etc. | P. Godfrey Okoh |
| 260 ## - PUBLICATION, DISTRIBUTION, ETC. (IMPRINT) | |
| Place of publication, distribution, etc. | Nairobi |
| Name of publisher, distributor, etc. | Jomo Kenyatta Foundation |
| Date of publication, distribution, etc. | 2000 |
| 300 ## - PHYSICAL DESCRIPTION | |
| Extent | 268 p |
| 710 ## - ADDED ENTRY--CORPORATE NAME | |
| Subordinate unit | Jomo Kenyatta Foundation |
| Location of meeting | Nairobi |
| Date of meeting or treaty signing | 2000 |
| 942 ## - ADDED ENTRY ELEMENTS (KOHA) | |
| Source of classification or shelving scheme | Dewey Decimal Classification |
| Koha item type | Books |
| Withdrawn status | Lost status | Source of classification or shelving scheme | Damaged status | Not for loan | Home library | Current library | Date acquired | Total Checkouts | Full call number | Barcode | Date last seen | Price effective from | Koha item type |
|---|---|---|---|---|---|---|---|---|---|---|---|---|---|
| Dewey Decimal Classification | Bunge Tower Library | Bunge Tower Library | 06/05/2023 | 327.17 OKO | 10014633 | 06/05/2023 | 06/05/2023 | Books |
